Normal view
MARC view
- Nekovar, Jan.
Entry Personal Name
001 - CONTROL NUMBER
- control field: 58140
003 - CONTROL NUMBER IDENTIFIER
- control field: OSt
005 - DATE AND TIME OF LATEST TRANSACTION
- control field: 20240817111916.0
008 - FIXED-LENGTH DATA ELEMENTS
- fixed length control field: 240817|| aca||aabn | a|a d
040 ## - CATALOGING SOURCE
- Original cataloging agency: OSt
- Transcribing agency: OSt
100 ## - HEADING--PERSONAL NAME
- Personal name: Nekovar, Jan.
- Relator term: author.
670 ## - SOURCE DATA FOUND
- Source citation: Work cat.: (OSt): Fayad, Karam . author. 58139, Semisimplicity of certain Galois representations occuring in étale cohomology of unitary shimura varieties /, April 2019.
